THE CREDIT INFORMATION COMPANIES ACTS 2003 (Record no. 7840)

MARC details
000 -LEADER
fixed length control field 00355nam a22001457a 4500
005 - DATE AND TIME OF LATEST TRANSACTION
control field 20210901112351.0
008 - FIXED-LENGTH DATA ELEMENTS--GENERAL INFORMATION
fixed length control field 210901b ||||| |||| 00| 0 eng d
041 ## - LANGUAGE CODE
Language code of text/sound track or separate title eng
100 ## - MAIN ENTRY--AUTHOR NAME
Personal name BAR ACT
245 ## - TITLE STATEMENT
Title THE CREDIT INFORMATION COMPANIES ACTS 2003
260 ## - PUBLICATION, DISTRIBUTION, ETC. (IMPRINT)
Place of publication PROFESSIONAL BOOK PUBLICHERS
300 ## - PHYSICAL DESCRIPTION
Number of Pages 50 p
650 ## - SUBJECT ADDED ENTRY--TOPICAL TERM
Topical Term LAW
942 ## - ADDED ENTRY ELEMENTS (KOHA)
Koha item type Books
Holdings
Lost status Damaged status Collection code Home library Current library Date acquired Source of acquisition Accession Number Koha item type
    LAW JRU Library JRU Library 01/09/2021 PURCHASE 23299 Books